| 000 | 00376 a2200133 4500 | ||
|---|---|---|---|
| 001 | 54433 | ||
| 020 | _a9780262700658 | ||
| 082 | _a629.1323 TEN | ||
| 090 |
_c33885 _d33885 |
||
| 100 | _aHenk Tennekes | ||
| 245 |
_aSimple science of flight; from insects to jumbo jets _cHenk Tennekes _hEnglish |
||
| 260 |
_aCambridge _bThe MIT Press Cambridge _c1992 |
||
| 300 | _axi 137 p | ||
| 942 |
_aNUST-CAE _k629.1323 TEN |
||
| 999 |
_c289506 _d289506 |
||